000 00484nam a2200181Ia 4500
001 11341
005 20260306162821.0
008 260306t2013||||xx |||||||||||||| ||spa||
041 _aESP
082 _a985.033
_bC78
100 _aCornejo Bouroncle, Jorge
_eAUT
245 0 _aTupac Amaru:
_bLa revolución precursora de la emancipación continental
260 _c2013
300 _aclxxxix, 651 páginas :
_c25 cm.
650 _aGEN
654 _aCHU
942 _cLIB
_dJUS
_fJUS
_2ddc
_n
999 _c11341
_d11341